Дело по донесениям попечителей учебных округов о наличии или отсутствии городских училищ, содержавшихся на местные средства

Доступно только в Электронных читальных залах Найти на картеНа карте
RUSMARC
00003702nmc2a22002413x 450
00105f21245-9199-414f-810d-c64ecbc9a526
00520230713050439.0
100##$a20221221l18831883k l0rusy0189 ca
1010#$arus
102##$aRU
105##$ay###
1222#$ad
2001#$aДело по донесениям попечителей учебных округов о наличии или отсутствии городских училищ, содержавшихся на местные средства
$j4 января - 30 апреля 1883 г.
215##$a12 л.
$d36,5х26 см
251##$cДело
300##$aМатериалы о городских и высших начальных училищах
371##$aДокумент не является опубликованным и широко распространяемым
461#0$1001a74412a3-3cc5-4d21-8f0a-dfe2fbd9e72d
$12001
$aДепартамент народного просвещения Министерства народного просвещения (1803-1917)
$1251
$cФонд
$1852
$j733
462#0$1001e7457a9b-6ab2-47cb-b3ed-bfff162542f9
$12001
$aРазряд учительских институтов, семинарий и низших учебных заведений
$1251
$cОпись
$1852
$j227
801#0$aRU
$bРГИА
$c20221221
$gRCR
801#1$aRU
$bГлавНИВЦ
$c20221221
$2rusmarc
801#2$aRU
$bПБ им. Б.Н. Ельцина
$c20230713
$gRCR
$2rusmarc
850##$aРГИА
852##$aРГИА
$eФедеральное казенное учреждение "Российский государственный исторический архив" (РГИА)
$j68
937##$hРГИА
$d12396263
$aASBIBLIO_SCAN
035##$aRusGRCC00057285
856##$uhttp://readingroom.main.prlib.ru/item.aspx?id_node=n186498278&mode=full
Формат отображения